| 000 | 00582nam a2200145 a 4500 | ||
|---|---|---|---|
| 020 | _a0947568204 | ||
| 040 | _cUk | ||
| 082 | 0 | 4 | _a699 TAY 1988 A044 Or. |
| 245 | 1 | 0 |
_aFuture trends in information science and technology : _bproceedings of the Silver Jubilee Conference of the City University's Department of Information Science, the City University, London, 16 January 1987 / |
| 260 |
_aLondon, U.K. ; _aLos Angeles, CA, USA : _bTaylor Graham, _cc1988. |
||
| 300 |
_a123 p. : _bill. ; _c23 cm. |
||
| 650 | 0 | _aInformation technology | |
| 700 | 2 | _aYates-Mercer, Penelope A. | |
| 942 | _cEK | ||
| 999 |
_c13375 _d13375 |
||